Health status of the Roma population in Slovakia

Guardado en:
Detalles Bibliográficos
Autor principal: Šprocha, Branislav
Formato: Capítulo de libro
Lenguaje:inglés
Materias:
Etiquetas: Agregar Etiqueta
Sin Etiquetas, Sea el primero en etiquetar este registro!

MARC

LEADER 00000naa a2200000 4500
001 0147458
005 20220503134526.1
041 0 |a eng 
044 |a CZ 
245 1 0 |a Health status of the Roma population in Slovakia  |c Branislav Šprocha 
610 2 0 |a Rómovia 
610 2 0 |a zdravie 
610 2 0 |a úmrtnosť 
610 2 0 |a vek 
610 2 0 |a muži 
610 2 0 |a ženy 
610 2 0 |a štatistika 
610 2 0 |a Slovensko 
100 1 |a Šprocha, Branislav